Lloyd's ship manager LSM.
Αποθηκεύτηκε σε:
| Συγγραφή απο Οργανισμό/Αρχή: | |
|---|---|
| Μορφή: | Περιοδική έκδοση |
| Γλώσσα: | English |
| Δημοσίευση: |
London :
Lloyd's of London Press,
1990-
|
| Θέματα: | |
| Ετικέτες: |
Προσθήκη ετικέτας
Δεν υπάρχουν, Καταχωρήστε ετικέτα πρώτοι!
|
MARC
| LEADER | 00000nas a2200000 i 4500 | ||
|---|---|---|---|
| 001 | 1/50072 | ||
| 008 | 040304c19909999uk eng | ||
| 022 | |a 02652455 | ||
| 035 | |l 10072519 | ||
| 040 | |a GR-MY-UA |b gre |e aacr | ||
| 041 | 0 | |a eng | |
| 082 | 0 | |a 387.5068 | |
| 110 | 2 | |a Lloyd's of London Press, Ltd. | |
| 245 | 1 | 0 | |a Lloyd's ship manager |h [περιοδικό] : |b LSM. |
| 260 | |a London : |b Lloyd's of London Press, |c 1990- | ||
| 300 | |a τ. : |b εικ. ; |c 30 εκ. | ||
| 310 | |a Μηνιαίο | ||
| 650 | 0 | 0 | |a Merchant marine |x Periodicals. |
| 650 | 0 | 0 | |a Shipping |x Periodicals. |
| 853 | |a INST |b CHIOS |c SER |h 387.5068 | ||
| 901 | |a BIBL2-2004-1 | ||
| 920 | |a ΤΜΗΜΑ ΝΑΥΤΙΛΙΑΣ ΚΑΙ ΕΠΙΧΕΙΡΗΜΑΤΙΚΩΝ ΥΠΗΡΕΣΙΩΝ |y ΧΙΟΣ |z 2000-10 | ||
| 970 | |a ΣΠΕΝΤΖΑ |b ΕΛΕΝΗ |z 2004/03/04 | ||